Paralympics Ewiger Medaillenspiegel - Statistiken

Allgemein
  • Dieses Quiz wurde 96 mal gespielt
  • Das Durchschnittsergebnis liegt bei 17 aus 20
Antwortstatistiken
Gold Silber Bronze Antwort % Korrekt
442 340 251 China
100%
772 700 703 Vereinigte Staaten
100%
487 491 465 Deutschland
99%
106 122 134 Japan
98%
311 320 318 Frankreich
97%
393 329 337 Kanada
97%
212 220 229 Spanien
96%
153 173 182 Italien
95%
626 584 579 Vereinigtes Königreich
93%
368 393 364 Australien
92%
106 97 82 Norwegen
92%
235 227 175 Schweden
92%
223 216 187 Polen
91%
264 233 217 Niederlande
87%
97 90 101 Mexiko
84%
102 117 126 Österreich
82%
126 106 109 Südkorea
81%
117 94 86 Südafrika
58%
125 115 134 Ukraine
52%
124 124 204 Israel
29%
Keine übereinstimmenden Quizze gefunden
Verteilung der Resultate
Anzahl Personen mit jedem Resultat
Perzentil nach korrekt beantworteten Fragen
Ihre Resultats-Entwicklung
Sie haben dieses Quiz noch nicht gespielt